| 000 | 02050nam a22002537a 4500 | ||
|---|---|---|---|
| 003 | Uzh_bibl | ||
| 008 | 260409b |||||||| |||| 00| 0 ukr d | ||
| 020 | _c21.00 | ||
| 040 | _aукр. | ||
| 041 |
_2ukr _aukr |
||
| 080 | _a821(477) | ||
| 090 |
_a821(477) _bП 42 |
||
| 100 | _a. | ||
| 245 |
_aПовість минулих літ _cНаук. керів. вид. Д.С. Лихачов; Переказ В. Близнеця; Худож. Г. Якутович; Післям. П. Загребельного _hТекст |
||
| 260 |
_aКиїв _bВеселка _c1989 |
||
| 300 |
_a221 с. _fВ опр. |
||
| 520 | _aОдин із найдавніших літописів, створений на межі XI-XII століть. Він є не лише цінним джерелом історії Київської Русі, але й видатним літературним пам’ятником. Переказ українською для читачів шкільного віку – Віктора Близнеця. Під науковим керівництвом академіка Д. С. Ліхачова. Видання прикрашають атмосферні ілюстрації відомого художника Георгія Якутовича. | ||
| 521 | _aДля старшого шкільного віку | ||
| 546 | _aукр. | ||
| 650 |
_aЛітературно-художнє видання _yЧас дії — від біблійних часів і давніх легендарних епох до початку XII століття (приблизно до 1110–1113 рр.) _zПодії охоплюють східнослов’янські землі (переважно Київську Русь) та частково інші регіони Європи й Візантії |
||
| 653 |
_aКиївська Русь _aІсторія _aЛітопис _aКнязі _aХрещення |
||
| 655 |
_aЛітопис, історико-хронікальний твір _vЛітопис |
||
| 942 |
_2udc _cBK |
||
| 999 |
_c17304 _d17304 |
||